000 00620nam a22001937a 4500
003 OSt
005 20230726125158.0
008 220915b |||||||| |||| 00| 0 eng d
040 _cBiblioteca Lado V
082 _a700
_bO87n
100 _aOtero, Ariosto
_9923
_eautor
245 _aNueva IconografĂ­a del libertador/
260 _bPalacio de San Carlos
_c1983
_aBogotá
300 _a24p.
_c21x23cm
650 _2Tesauro de Arte & Arquitectura
_aCATALOGO
650 _2Tesauro de Arte & Arquitectura
_aARTE
650 _2Tesauro de Arte & Arquitectura
_aEXPOSICION
942 _2ddc
_c1
_h700
_iO87n
_n0
999 _c4103
_d4103